{"text_format":"3","workbook":"xlsx","n_sheets":1,"sheets":["sheet1"],"read":"whole","date_system":"1900"}

{"sheet":"sheet1","index":0,"n_rows":99,"n_cols":8,"rows_kept":99}
["번호","사용일자","사용내역","물품명","단가(원)","수량","단위명","금액(원)"]
[1,"2025-01-03","생활자 간식","떡",3000,35,"팩",105000]
[2,"2025-01-03","생활자 부식","초밥 정식",12900,32,"인분",412800]
[3,"2025-01-03","생활자 부식","팥죽",10000,5,"인분",50000]
[4,"2025-01-27","생활자 간식","쑥인절미",75000,2,"상자",150000]
[5,"2025-02-26","생활자 간식","망고",70000,2,"상자",140000]
[6,"2025-02-28","생활자 간식","모싯잎송편",5000,3,"kg",15000]
[7,"2025-02-28","생활자 간식","옥수수",750,20,"개",15000]
[8,"2025-03-01","생활자 간식","가래떡",2500,25,"팩",62500]
[9,"2025-03-07","생활자 간식","호박팥시루떡",5000,30,"팩",150000]
[10,"2025-03-17","생활자 부식","봄동",5000,4,"kg",20000]
[11,"2025-03-20","생활자 간식","딸기",15000,10,"다라",150000]
[12,"2025-03-24","생활자 간식","모싯잎송편",10000,5,"kg",50000]
[13,"2025-03-24","생활자 간식","오렌지",7500,4,"kg",30000]
[14,"2025-04-01","생활자 간식","모싯잎떡",20000,1,"상자",20000]
[15,"2025-04-01","생활자 부식","머위잎",20000,5,"kg",100000]
[16,"2025-04-07","생활자 부식","상추",5000,3,"kg",15000]
[17,"2025-04-07","생활자 부식","시금치",4000,5,"kg",20000]
[18,"2025-04-18","생활자 간식","방울토마토",5750,80,"팩",460000]
[19,"2025-04-18","생활자 간식","고구마",6000,20,"kg",120000]
[20,"2025-04-30","생활자 간식","방울토마토",8000,20,"팩",160000]
[21,"2025-04-30","생활자 부식","대파",3000,15,"kg",45000]
[22,"2025-05-07","생활자 간식","쑥떡",60000,2,"상자",120000]
[23,"2025-05-07","생활자 간식","참외",8000,5,"kg",40000]
[24,"2025-05-07","생활자 부식","마늘쫑",7000,15,"kg",105000]
[25,"2025-05-07","생활자 생필품","수건",5000,20,"개",100000]
[26,"2025-05-16","생활자 간식","백설기",60000,2,"상자",120000]
[27,"2025-05-16","생활자 간식","바나나",60000,1,"상자",60000]
[28,"2025-05-22","생활자 간식","수박",25000,3,"통",75000]
[29,"2025-05-22","생활자 간식","고구마",60000,1,"상자",60000]
[30,"2025-05-29","생활자 간식","빵",2000,60,"개",120000]
[31,"2025-05-29","생활자 간식","빵",2000,60,"개",120000]
[32,"2025-06-17","생활자 부식","머위대",7000,10,"kg",70000]
[33,"2025-06-20","생활자 부식","매실",3000,20,"kg",60000]
[34,"2025-06-30","생활자 간식","옥수수",25000,2,"망",50000]
[35,"2025-07-03","생활자 간식","옥수수",20000,4,"망",80000]
[36,"2025-07-03","생활자 간식","수박",30000,2,"통",60000]
[37,"2025-07-09","생활자 간식","치킨",20000,20,"마리",400000]
[38,"2025-07-10","생활자 간식","토마토",6000,10,"kg",60000]
[39,"2025-07-10","생활자 간식","수박",35000,1,"통",35000]
[40,"2025-07-10","생활자 간식","우묵",5000,4,"팩",20000]
[41,"2025-07-16","생활자 간식","황도",10000,5,"kg",50000]
[42,"2025-07-16","생활자 간식","전지분유",11000,20,"kg",220000]
[43,"2025-08-08","생활자 간식","복숭아",40000,3,"상자",120000]
[44,"2025-08-08","생활자 간식","복숭아",40000,3,"상자",120000]
[45,"2025-08-08","생활자 간식","백설기",70000,2,"상자",140000]
[46,"2025-08-13","생활자 간식","황도",10000,5,"kg",50000]
[47,"2025-08-21","생활자 간식","기정떡",4000,35,"팩",140000]
[48,"2025-08-23","생활자 간식","복숭아",40000,3,"상자",120000]
[49,"2025-08-26","생활자간식","포도",30000,6,"박스",180000]
[50,"2025-08-26","생활자간식","샤인머스켓",30000,6,"박스",180000]
[51,"2025-08-26","생활자생필품","바디로션",13200,40,"개",528000]
[52,"2025-08-26","생활자생필품","샴푸",9300,45,"개",418500]
[53,"2025-08-26","생활자생필품","린스",9300,45,"개",418500]
[54,"2025-08-26","생활자생필품","락스",9900,20,"개",198000]
[55,"2025-08-26","생활자생필품","주방세제",8900,20,"개",178000]
[56,"2025-08-26","생활자생필품","섬유유연제",18000,20,"개",360000]
[57,"2025-08-26","생활자생필품","세탁세제",9000,40,"개",360000]
[58,"2025-08-26","생활자생필품","주방세제",7000,16,"개",112000]
[59,"2025-09-03","생활자 간식","음료",1000,200,"병",200000]
[60,"2025-09-03","생활자 간식","케익",20000,4,"개",80000]
[61,"2025-09-04","생활자 부식","도시락",15000,34,"개",510000]
[62,"2025-09-05","생활자 간식","감자떡",4000,35,"팩",140000]
[63,"2025-09-11","생활자 부식","가지",5000,2,"kg",10000]
[64,"2025-09-26","생활자 간식","찰시루떡",4000,35,"팩",140000]
[65,"2025-09-29","생활자 간식","샤인머스켓",8000,18,"kg",144000]
[66,"2025-10-04","생활자 간식","모싯잎송편",100000,1,"상자",100000]
[67,"2025-10-04","생활자 부식","짜장라면",45000,1,"상자",45000]
[68,"2025-10-04","생활자 부식","라면",40000,1,"상자",40000]
[69,"2025-10-04","생활자 생필품","화장지",500,60,"개",30000]
[70,"2025-10-04","생활자 주식","쌀",3700,20,"kg",74000]
[71,"2025-10-14","생활자 간식","샤인머스켓",10000,10,"kg",100000]
[72,"2025-10-14","생활자 간식","무화과",15000,2,"상자",30000]
[73,"2025-10-29","생활자 부식","풋호박",3000,10,"덩이",30000]
[74,"2025-10-29","생활자 부식","늙은 호박",5000,11,"덩이",55000]
[75,"2025-11-06","생활자 간식","단감",35000,2,"상자",70000]
[76,"2025-11-06","생활자 간식","감귤",30000,2,"상자",60000]
[77,"2025-11-19","생활자 간식","푸딩",25000,2,"상자",50000]
[78,"2025-12-03","생활자 간식","고구마",50000,2,"상자",100000]
[79,"2025-12-03","생활자 간식","단감",3000,10,"kg",30000]
[80,"2025-12-03","생활자 간식","귤",30000,2,"상자",60000]
[81,"2025-12-05","생활자 부식","배추김치",5500,10,"kg",55000]
[82,"2025-12-05","생활자 부식","시래기",3000,12,"kg",36000]
[83,"2025-12-08","생활자 부식","묵은 김치",8000,48,"Kg",384000]
[84,"2025-12-15","생활자 부식","풋호박",3000,10,"덩이",30000]
[85,"2025-12-15","생활자 부식","배추김치",5500,10,"kg",55000]
[86,"2025-12-15","생활자 부식","무청시래기",3000,42,"kg",126000]
[87,"2025-12-16","생활자 부식","깐쪽파",10000,1,"kg",10000]
[88,"2025-12-24","생활자 간식","귤",30000,1,"상자",30000]
[89,"2025-12-24","생활자 간식","귤",30000,1,"상자",30000]
[90,"2025-12-24","생활자 부식","소고기",50000,1,"kg",50000]
[91,"2025-12-24","생활자 부식","떡국떡",10000,7,"kg",70000]
[92,"2025-12-24","생활자 부식","굴",25000,1,"kg",25000]
[93,"2025-12-24","생활자 부식","소고기",50000,1,"kg",50000]
[94,"2025-12-24","생활자 부식","떡국떡",10000,7,"kg",70000]
[95,"2025-12-24","생활자 부식","굴",25000,1,"kg",25000]
[96,"2025-12-24","생활자 주식","쌀",3000,100,"kg",300000]
[97,"2025-12-31","생활자 간식","고구마",50000,1,"상자",50000]
[98,"2025-12-31","생활자 간식","귤",30000,2,"상자",60000]